000 00703nam a2200241Ia 4500
003 OSt
005 20220918223441.0
006 a|||||r|||| 00| 0
007 ta
008 220917b |||||||| |||| 00| 0 eng d
024 _a222,752
037 _cTextual
040 _aARTS
_cARTS
_beng
041 _2eng
_aeng
082 _aY15(Q7).46, P2.1-.2
100 _aAbida Samuddin Ed.
_9145767
245 0 _aMuslim feminism and feminist movement
_b Middle-east Asia
260 _aDelhi
_bGlobal vision pub. house
_c2002
650 _aSOCIOLOGY
700 _a Khanam R. Ed.
942 _hY15(Q7).46, P2.1-.2
_cTEXL
_2CC
999 _c278493
_d278493